Comercio electrónico entre empresarios: la formación y prueba del contrato electrónico, EDI

Saved in:
Bibliografiske detaljer
Hovedforfatter: Julià Barceló, Rosa (Author)
Format: Bog
Sprog:spansk
Udgivet: Valencia Tirant Lo Blanch 2000
Serier:Biblioteca Jurídica Cuatrecasas, 22
Fag:
Tags: Tilføj Tag
Ingen Tags, Vær først til at tagge denne postø!

MARC

LEADER 00000nam a2200000 a 4500
001 UCM0016
003 CL-VaPUC
008 020108e20000000SP |||||||||||||||||spa|d
082 0 4 |a 343.09944  |b JUL  |2 21 
100 0 |a Julià Barceló, Rosa  |e author  |9 466605 
245 1 0 |a Comercio electrónico entre empresarios: la formación y prueba del contrato electrónico, EDI 
300 |a 559 p 
942 |c BK 
945 |d 20020108 00:00:00  |a vberengu 
260 |a Valencia  |b Tirant Lo Blanch  |c 2000 
650 7 |a COMERCIO ELECTRONICO - LEGISLACION  |2 CL-VaPUC  |9 466606 
650 0 |a Contratos electrónicos (Smart contracts)  |9 466607 
650 7 |a CONTRATACION ELECTRONICA  |2 CL-VaPUC  |9 466608 
650 7 |a FIRMA DIGITAL  |2 CL-VaPUC  |9 463580 
650 7 |a DOCUMENTO ELECTRONICO  |2 CL-VaPUC  |9 462158 
583 |a last modification  |c 20020108 00:00:00  |k Rodrigo Vera 
490 0 |a Biblioteca Jurídica Cuatrecasas, 22 
999 |c 299083  |d 299081 
952 |0 0  |1 0  |4 0  |6 343_099440000000000_JUL_2000  |7 0  |8 A  |9 355225  |a BIBDER  |b BIBDER  |d 2019-11-21  |i 3786676  |o 343.09944 JUL 2000  |p 3786676  |r 2023-01-25  |w 2019-11-21  |y BK  |k DER